[Event "Mecklenburg VP Verbandsliga 2223"]
[White "Troemer, Felix"]
[Black "Lanz, Joerg"]
[Site "Mecklenburg VP"]
[Round "2.4"]
[Result "1-0"]
[Date "2022.11.06"]
[WhiteElo "1753"]
[BlackElo "2055"]
[PlyCount "107"]
[EventDate "2022.10.23"]
[EventType "team-tourn"]
[EventRounds "9"]
[EventCountry "GER"]
[SourceTitle "EXT 2024"]
[Source "ChessBase"]
[SourceDate "2023.10.10"]
[SourceVersion "1"]
[SourceVersionDate "2023.10.10"]
[SourceQuality "1"]
[WhiteTeam "Torgelow Droegeheide II"]
[BlackTeam "Wismar ASV Gruen-Weiss"]
[WhiteTeamCountry "GER"]
[BlackTeamCountry "GER"]

1. e4 Nf6 2. e5 Nd5 3. Nf3 d6 4. b3 Bg4 5. Bb2 dxe5 6. Bxe5 f6 7. Bb2 e5 8. h3 Bh5 9. Be2 Nc6 10. 0-0 Bd6 11. Nc3 Nxc3 12. Bxc3 Qe7 13. d4 e4 14. Nh4 Bg6 15. Bg4 Rf8 16. Bf5 Bxf5 17. Nxf5 Qd7 18. Qg4 0-0-0 19. Nxd6+ cxd6 20. Qxe4 f5 21. Qd3 f4 22. f3 g5 23. d5 Ne7 24. Rfe1 Rf7 25. Rad1 Nf5 26. Bd4 Kb8 27. c4 h5 28. Re6 Rg8 29. Rde1 b6 30. R1e2 g4 31. fxg4 hxg4 32. hxg4 Ng3 33. Re1 Rxg4 34. Rxd6 Qxd6 35. Be5 Nf5 36. Bxd6+ Nxd6 37. Kf1 Rg3 38. Qd4 f3 39. gxf3 Rfxf3+ 40. Ke2 Nf5 41. Qe5+ Kb7 42. Kd2 Rd3+ 43. Kc1 Rgf3 44. Kb2 Rd2+ 45. Ka3 a5 46. Qe8 Rff2 47. Ra1 Nd4 48. Qd7+ Ka6 49. Qc8+ Ka7 50. d6 Nc2+ 51. Ka4 Nxa1 52. Kb5 Nc2 53. Qc7+ Ka8 54. Kxb6 1-0

[Event "Mecklenburg VP Verbandsliga 2223"]
[White "Helms, Sven"]
[Black "Troemer, Felix"]
[Site "Mecklenburg VP"]
[Round "1.4"]
[Result "1-0"]
[Date "2022.10.23"]
[WhiteElo "1940"]
[BlackElo "1753"]
[PlyCount "47"]
[EventDate "2022.10.23"]
[EventType "team-tourn"]
[EventRounds "9"]
[EventCountry "GER"]
[SourceTitle "EXT 2024"]
[Source "ChessBase"]
[SourceDate "2023.10.10"]
[SourceVersion "1"]
[SourceVersionDate "2023.10.10"]
[SourceQuality "1"]
[WhiteTeam "Schwerin SF II"]
[BlackTeam "Torgelow Droegeheide II"]
[WhiteTeamCountry "GER"]
[BlackTeamCountry "GER"]

1. e4 c5 2. d4 cxd4 3. c3 d3 4. Bxd3 Qc7 5. f4 e6 6. Nf3 d6 7. Qe2 Be7 8. 0-0 Nf6 9. Na3 a6 10. e5 dxe5 11. fxe5 Ng4 12. Nc4 b5 13. Nd6+ Bxd6 14. exd6 Qxd6 15. Qe4 Qc5+ 16. Nd4 e5 17. Qxa8 exd4 18. Qxb8 dxc3+ 19. Kh1 Nf2+ 20. Rxf2 Qxf2 21. Qxc8+ Ke7 22. Qc7+ Ke8 23. Bg5 f6 24. Qxc3 1-0

[Event "Mecklenburg VP Verbandsliga 2122"]
[White "Krueger, Gerhard"]
[Black "Troemer, Felix"]
[Site "Mecklenburg VP"]
[Round "6.6"]
[Result "0-1"]
[Date "2022.03.06"]
[WhiteElo "1972"]
[BlackElo "1753"]
[PlyCount "54"]
[EventDate "2021.10.24"]
[EventType "team-tourn"]
[EventRounds "9"]
[EventCountry "GER"]
[SourceTitle "EXT 2024"]
[Source "ChessBase"]
[SourceDate "2023.10.10"]
[SourceVersion "1"]
[SourceVersionDate "2023.10.10"]
[SourceQuality "1"]
[WhiteTeam "Schwerin SF II"]
[BlackTeam "Torgelow Droegeheide"]
[WhiteTeamCountry "GER"]
[BlackTeamCountry "GER"]

1. e4 c5 2. Nf3 e6 3. d4 cxd4 4. Nxd4 a6 5. Be3 Qc7 6. Bd3 Nf6 7. Nd2 b5 8. a4 b4 9. a5 Nc6 10. Nxc6 Qxc6 11. f3 Bc5 12. Qe2 Bb7 13. Bxc5 Qxc5 14. Nc4 d5 15. Nb6 dxe4 16. fxe4 Rd8 17. Bxa6 Bxa6 18. Qxa6 Nxe4 19. Qe2 Rd2 20. Qxd2 Nxd2 21. Kxd2 Ke7 22. Ke2 Qxc2+ 23. Kf3 Qb3+ 24. Kg4 h5+ 25. Kh4 g5+ 26. Kxg5 Qe3+ 27. Kh4 Qf4+ 0-1

[Event "Mecklenburg VP LL2 Ost 2122"]
[White "Johlke, Lorenz"]
[Black "Troemer, Felix"]
[Site "Mecklenburg VP"]
[Round "3.2"]
[Result "1/2-1/2"]
[Date "2021.11.21"]
[WhiteElo "1673"]
[BlackElo "1753"]
[PlyCount "105"]
[EventDate "2021.10.24"]
[EventType "team-tourn"]
[EventRounds "9"]
[EventCountry "GER"]
[SourceTitle "EXT 2024"]
[Source "ChessBase"]
[SourceDate "2023.10.10"]
[SourceVersion "1"]
[SourceVersionDate "2023.10.10"]
[SourceQuality "1"]
[WhiteTeam "Stralsund HSG II"]
[BlackTeam "Torgelow Droegeheide II"]
[WhiteTeamCountry "GER"]
[BlackTeamCountry "GER"]

1. e4 c5 2. Be2 e6 3. d3 d5 4. e5 Nc6 5. f4 Qc7 6. Nf3 Bd7 7. c3 0-0-0 8. Na3 a6 9. Bd2 f6 10. d4 Nh6 11. Nc2 Be7 12. b4 c4 13. a4 Na7 14. Qb1 b6 15. Qb2 Nf7 16. a5 b5 17. 0-0-0 Rdg8 18. Rdf1 f5 19. Kb1 g5 20. g3 g4 21. Nfe1 h5 22. h4 gxh3 23. Rxh3 h4 24. gxh4 Bxh4 25. Qc1 Qd8 26. Rfh1 Bg3 27. Nf3 Nc6 28. Rxh8 Rxh8 29. Rxh8 Qxh8 30. Qg1 Bh4 31. Nxh4 Qxh4 32. Ne1 Kd8 33. Nf3 Qh6 34. Qg8+ Ke7 35. Qa8 Qh1+ 36. Kb2 Qg2 37. Bd1 Qf1 38. Kc1 Nxb4 39. cxb4 Qd3 40. Qxa6 c3 41. Qb6 cxd2+ 42. Nxd2 Qa3+ 43. Kc2 Qxb4 44. Qc5+ Qxc5+ 45. dxc5 Kd8 46. Kc3 Kc7 47. Nb3 Kb7 48. Be2 Nd8 49. Nd4 Ka6 50. Kb4 Nc6+ 51. Nxc6 Bxc6 52. Bh5 d4 53. Be2 1/2-1/2

[Event "Mecklenburg VP Verbandsliga 2021"]
[White "Kohn, Andreas"]
[Black "Troemer, Felix"]
[Site "Mecklenburg VP"]
[Round "2.7"]
[Result "1/2-1/2"]
[Date "2020.10.18"]
[WhiteElo "1958"]
[BlackElo "1753"]
[PlyCount "66"]
[EventDate "2020.09.27"]
[EventType "team-tourn"]
[EventRounds "9"]
[EventCountry "GER"]
[SourceTitle "EXT 2024"]
[Source "ChessBase"]
[SourceDate "2023.10.10"]
[SourceVersion "1"]
[SourceVersionDate "2023.10.10"]
[SourceQuality "1"]
[WhiteTeam "Stralsund HSG"]
[BlackTeam "Torgelow Droegeheide"]
[WhiteTeamCountry "GER"]
[BlackTeamCountry "GER"]

1. e4 c5 2. Nf3 e6 3. d4 cxd4 4. Nxd4 a6 5. c4 Qc7 6. Nc3 Nf6 7. Bd3 b6 8. 0-0 Bb7 9. Be3 Be7 10. Rc1 d6 11. f4 Nbd7 12. f5 Nc5 13. fxe6 fxe6 14. b4 Nxd3 15. Qxd3 Qd7 16. Nf3 0-0 17. Bxb6 Qc6 18. Be3 Rac8 19. Nd2 Rfd8 20. b5 Qd7 21. Na4 axb5 22. Nb6 bxc4 23. Rxc4 Qb5 24. Nxc8 Bxc8 25. Qb3 Qxb3 26. axb3 Ba6 27. Rc7 Bxf1 28. Kxf1 Kf8 29. Ke2 Ke8 30. Kd3 Rd7 31. Rc8+ Rd8 32. Rc7 Rd7 33. Rc8+ Rd8 1/2-1/2

[Event "Mecklenburg VP VL1819"]
[White "Boecking, Uwe"]
[Black "Troemer, Felix"]
[Site "Mecklenburg VP"]
[Round "8.6"]
[Result "1-0"]
[Date "2019.03.24"]
[WhiteElo "1721"]
[BlackElo "1808"]
[PlyCount "69"]
[EventDate "2018.10.21"]
[EventType "team-tourn"]
[EventRounds "9"]
[EventCountry "GER"]
[SourceTitle "EXT 2022"]
[Source "ChessBase"]
[SourceDate "2021.10.06"]
[SourceVersion "1"]
[SourceVersionDate "2021.10.06"]
[SourceQuality "1"]
[WhiteTeam "Warnemuende SF Ostsee"]
[BlackTeam "Torgelow Droegeheide"]
[WhiteTeamCountry "GER"]
[BlackTeamCountry "GER"]

1. e4 c5 2. Nf3 e6 3. d4 cxd4 4. Nxd4 a6 5. Be2 Qc7 6. 0-0 Nf6 7. Bf3 Be7 8. Nc3 d6 9. g3 Nbd7 10. Bg2 0-0 11. Kh1 Rb8 12. a4 b6 13. f4 Bb7 14. Qe2 Rbc8 15. Bd2 Rfe8 16. g4 Rf8 17. g5 Ne8 18. Qh5 e5 19. Nf5 Nc5 20. Nxe7+ Qxe7 21. f5 f6 22. g6 h6 23. b4 Nd7 24. Rf3 Bxe4 25. Nxe4 Rxc2 26. Rc3 Rb2 27. Rd3 a5 28. Nc3 Rxd2 29. Rxd2 Nc7 30. Nd5 Nxd5 31. Bxd5+ Kh8 32. b5 Nc5 33. Ra3 Rd8 34. Qg4 Qc7 35. Qc4 1-0

[Event "JBLN Ost 1819"]
[White "Schulte, Felix"]
[Black "Troemer, Felix"]
[Site "Germany"]
[Round "8.2"]
[Result "1-0"]
[Date "2019.03.02"]
[WhiteElo "2052"]
[BlackElo "1753"]
[PlyCount "47"]
[EventDate "2018.09.29"]
[EventType "team-tourn"]
[EventRounds "9"]
[EventCountry "GER"]
[SourceTitle "CBM 189 Extra"]
[Source "ChessBase"]
[SourceDate "2019.05.31"]
[SourceVersion "1"]
[SourceVersionDate "2019.05.31"]
[SourceQuality "1"]
[WhiteTeam "Halle USV"]
[BlackTeam "Torgelow"]
[WhiteTeamCountry "GER"]
[BlackTeamCountry "GER"]

1. e4 c5 2. Nf3 e6 3. d4 cxd4 4. Nxd4 a6 5. Nc3 Qc7 6. Bd3 b5 7. f4 d6 8. Qf3 Bb7 9. g4 g6 10. Be3 Bg7 11. 0-0 Nc6 12. Nce2 Nge7 13. Qf2 e5 14. Nxc6 Nxc6 15. f5 0-0 16. f6 Bh8 17. Qh4 Nb8 18. Rf3 Nd7 19. Raf1 Rfe8 20. Rh3 Bxf6 21. Qxh7+ Kf8 22. g5 Bg7 23. Qxg6 Nf6 24. Rxf6 1-0

[Event "Mecklenburg VP VL1819"]
[White "Rickmann, Niklas"]
[Black "Troemer, Felix"]
[Site "Mecklenburg VP"]
[Round "6.7"]
[Result "1-0"]
[Date "2019.02.24"]
[WhiteElo "1688"]
[BlackElo "1808"]
[PlyCount "113"]
[EventDate "2018.10.21"]
[EventType "team-tourn"]
[EventRounds "9"]
[EventCountry "GER"]
[SourceTitle "EXT 2022"]
[Source "ChessBase"]
[SourceDate "2021.10.06"]
[SourceVersion "1"]
[SourceVersionDate "2021.10.06"]
[SourceQuality "1"]
[WhiteTeam "Stralsund FHSG"]
[BlackTeam "Torgelow Droegeheide"]
[WhiteTeamCountry "GER"]
[BlackTeamCountry "GER"]

1. e4 c5 2. d3 e6 3. g3 b6 4. Bg2 Bb7 5. f4 Be7 6. Nf3 d5 7. exd5 exd5 8. 0-0 Nf6 9. Ne5 0-0 10. Nd2 Nbd7 11. Ndf3 Rc8 12. b3 Re8 13. Bb2 d4 14. Nxd7 Qxd7 15. Ne5 Qc7 16. Bf3 Rcd8 17. Re1 Bd6 18. Bxb7 Qxb7 19. Nc4 Bb8 20. a4 Rxe1+ 21. Qxe1 Re8 22. Qd2 Qe7 23. Rf1 Ng4 24. h3 Nf6 25. Bc1 Nd5 26. Kf2 Nb4 27. Ba3 Nd5 28. Re1 Qxe1+ 29. Qxe1 Rxe1 30. Kxe1 g5 31. fxg5 Bxg3+ 32. Ke2 Bf4 33. a5 Bxg5 34. Kf3 f5 35. Nd6 Ne7 36. b4 cxb4 37. Bxb4 Kg7 38. Nb5 Nc6 39. axb6 axb6 40. Bd6 Bd8 41. Kf4 Kf6 42. Ba3 Ke6 43. Bb2 h6 44. Nxd4+ Nxd4 45. Bxd4 Bc7+ 46. Kf3 Kd5 47. Be3 h5 48. c4+ Ke6 49. Bf4 Be5 50. Ke3 Bb2 51. Bc7 Bc1+ 52. Kf3 b5 53. cxb5 Kd7 54. Bf4 Ba3 55. Kg3 Be7 56. Be3 Ke6 57. b6 1-0

[Event "JBLN Ost 1819"]
[White "Arnold, Leander"]
[Black "Troemer, Felix"]
[Site "Germany"]
[Round "6.2"]
[Result "0-1"]
[Date "2019.01.26"]
[WhiteElo "1778"]
[BlackElo "1799"]
[PlyCount "80"]
[EventDate "2018.09.29"]
[EventType "team-tourn"]
[EventRounds "9"]
[EventCountry "GER"]
[SourceTitle "CBM 189 Extra"]
[Source "ChessBase"]
[SourceDate "2019.05.31"]
[SourceVersion "1"]
[SourceVersionDate "2019.05.31"]
[SourceQuality "1"]
[WhiteTeam "Borussia Lichtenberg"]
[BlackTeam "Torgelow"]
[WhiteTeamCountry "GER"]
[BlackTeamCountry "GER"]

1. Nf3 Nf6 2. c4 c5 3. d4 e6 4. Nc3 b6 5. e4 cxd4 6. Nxd4 d6 7. Be2 Bb7 8. Bf3 Nbd7 9. 0-0 Be7 10. b3 0-0 11. Ba3 a6 12. Qc2 Qc7 13. Rad1 Nc5 14. Rfe1 Rac8 15. e5 dxe5 16. Bxb7 Qxb7 17. Nf3 e4 18. Bxc5 exf3 19. Bxe7 Qxe7 20. g3 Rfd8 21. Rd3 b5 22. Red1 bxc4 23. bxc4 h6 24. Rxf3 Rxd1+ 25. Nxd1 Qc5 26. Rd3 Nd5 27. Qd2 Qxc4 28. Ne3 Nxe3 29. Rxe3 Rb8 30. Rc3 Rb1+ 31. Kg2 Qf1+ 32. Kf3 Qh1+ 33. Ke2 Qe4+ 34. Re3 Qc4+ 35. Kf3 Qc6+ 36. Ke2 Rc1 37. Qd8+ Kh7 38. Rd3 Qe4+ 39. Re3 Rc2+ 40. Kd1 Qc4 0-1

[Event "JBLN Ost 1819"]
[White "Troemer, Felix"]
[Black "Breitzmann, Sander"]
[Site "Germany"]
[Round "5.2"]
[Result "0-1"]
[Date "2019.01.12"]
[WhiteElo "1753"]
[BlackElo "1836"]
[PlyCount "88"]
[EventDate "2018.09.29"]
[EventType "team-tourn"]
[EventRounds "9"]
[EventCountry "GER"]
[SourceTitle "CBM 189 Extra"]
[Source "ChessBase"]
[SourceDate "2019.05.31"]
[SourceVersion "1"]
[SourceVersionDate "2019.05.31"]
[SourceQuality "1"]
[WhiteTeam "Torgelow"]
[BlackTeam "Berlin Empor"]
[WhiteTeamCountry "GER"]
[BlackTeamCountry "GER"]

1. e4 e5 2. Nf3 Nc6 3. Bb5 a6 4. Ba4 Nf6 5. d3 Be7 6. Bxc6 dxc6 7. Nxe5 Bd6 8. Nf3 Bg4 9. 0-0 Qe7 10. Bg5 h6 11. Bh4 g5 12. Bg3 Nh5 13. Nbd2 0-0-0 14. Nc4 Nf4 15. a3 h5 16. Ne3 Bc5 17. Nxg4 hxg4 18. Nd2 f5 19. Re1 Rde8 20. Nf1 Bb6 21. Ne3 Bxe3 22. Rxe3 Qc5 23. Qd2 Nh3+ 24. gxh3 f4 25. Bxf4 gxf4 26. Ree1 gxh3 27. Qxf4 Rhg8+ 28. Kf1 Ref8 29. Qh4 Kb8 30. Re2 Rg2 31. Rd1 Rxh2 32. Ke1 Qd4 33. f4 Qg1+ 34. Kd2 Rxe2+ 35. Kxe2 Qg2+ 36. Ke3 h2 37. f5 Rg8 38. f6 Qg1+ 39. Kd2 Qxd1+ 40. Kxd1 Rg1+ 41. Ke2 h1Q 42. Qxh1 Rxh1 43. f7 Rh8 44. e5 Kc8 0-1

[Event "JBLN Ost 1819"]
[White "Biastoch, Bennet"]
[Black "Troemer, Felix"]
[Site "Germany"]
[Round "4.2"]
[Result "1-0"]
[Date "2018.12.01"]
[WhiteElo "2152"]
[BlackElo "1799"]
[PlyCount "95"]
[EventDate "2018.09.29"]
[EventType "team-tourn"]
[EventRounds "9"]
[EventCountry "GER"]
[SourceTitle "CBM 189 Extra"]
[Source "ChessBase"]
[SourceDate "2019.05.31"]
[SourceVersion "1"]
[SourceVersionDate "2019.05.31"]
[SourceQuality "1"]
[WhiteTeam "Magdeburg Aufbau Elbe"]
[BlackTeam "Torgelow"]
[WhiteTeamCountry "GER"]
[BlackTeamCountry "GER"]

1. e4 c5 2. Nf3 e6 3. d4 cxd4 4. Nxd4 a6 5. Bd3 b5 6. 0-0 Bb7 7. a4 b4 8. Be3 Nf6 9. Nd2 d6 10. f4 Nbd7 11. Qf3 Nc5 12. N4b3 Be7 13. Bxc5 dxc5 14. Nc4 Ra7 15. Rae1 Nd7 16. Re3 Nb6 17. a5 Nxc4 18. Bxc4 Bc6 19. Qg4 g6 20. f5 Bb5 21. Bxb5+ axb5 22. fxe6 fxe6 23. Qxe6 Rf8 24. Rd3 Rxf1+ 25. Kxf1 Qc7 26. Rf3 Qxh2 27. Qf7+ Kd8 28. Rd3+ Rd7 29. Rxd7+ Kxd7 30. Nxc5+ Kd8 31. Qd5+ Ke8 32. Qd7+ Kf7 33. Qe6+ Ke8 34. Qg8+ Bf8 35. Qe6+ Be7 36. Qd7+ Kf7 37. Qd5+ Ke8 38. Nd3 Qh1+ 39. Kf2 Qh4+ 40. Kg1 Kf8 41. a6 Bg5 42. Qc5+ Kg7 43. Qd4+ Bf6 44. Qd7+ Kf8 45. a7 Qxe4 46. Qc8+ Kg7 47. a8Q Bd4+ 48. Kf1 1-0

[Event "Mecklenburg VP VL 1718"]
[White "Nauschuetz, Ernst"]
[Black "Troemer, Felix"]
[Site "Mecklenburg VP"]
[Round "9.7"]
[Result "0-1"]
[Date "2018.04.22"]
[WhiteElo "1849"]
[BlackElo "1553"]
[PlyCount "84"]
[EventDate "2017.10.08"]
[EventType "team-tourn"]
[EventRounds "9"]
[EventCountry "GER"]
[SourceTitle "EXT 2022"]
[Source "ChessBase"]
[SourceDate "2021.10.06"]
[SourceVersion "1"]
[SourceVersionDate "2021.10.06"]
[SourceQuality "1"]
[WhiteTeam "Greifswald II"]
[BlackTeam "Torgelow Droegeheide"]
[WhiteTeamCountry "GER"]
[BlackTeamCountry "GER"]

1. c4 Nf6 2. g3 g6 3. b3 Bg7 4. Bg2 0-0 5. Bb2 Na6 6. Nf3 c6 7. 0-0 Nc7 8. Nc3 d5 9. d4 b6 10. Ne5 Bb7 11. Qd2 Nd7 12. Nf3 Re8 13. cxd5 Nxd5 14. Rfd1 Rc8 15. a3 e6 16. b4 Qe7 17. Nxd5 cxd5 18. Rac1 b5 19. e3 a6 20. Rxc8 Rxc8 21. Rc1 Qd8 22. Kf1 Nb6 23. Rxc8 Qxc8 24. Bc1 Nc4 25. Qc3 Bf6 26. Ke1 Kg7 27. Nd2 Nxe3 28. Qxc8 Nxg2+ 29. Kf1 Bxc8 30. Nb3 Nh4 31. gxh4 Bxh4 32. f4 Kf6 33. Ke2 Kf5 34. Kf3 g5 35. h3 f6 36. Nc5 gxf4 37. Bxf4 e5 38. Be3 e4+ 39. Kg2 Bg5 40. Bf2 Bc1 41. a4 bxa4 42. Nxa4 Bd2 0-1

[Event "Mecklenburg VP VL 1718"]
[White "Troemer, Felix"]
[Black "Kutschke, Peter"]
[Site "Mecklenburg VP"]
[Round "7.5"]
[Result "0-1"]
[Date "2018.03.18"]
[WhiteElo "1553"]
[BlackElo "1933"]
[PlyCount "46"]
[EventDate "2017.10.08"]
[EventType "team-tourn"]
[EventRounds "9"]
[EventCountry "GER"]
[SourceTitle "EXT 2022"]
[Source "ChessBase"]
[SourceDate "2021.10.06"]
[SourceVersion "1"]
[SourceVersionDate "2021.10.06"]
[SourceQuality "1"]
[WhiteTeam "Torgelow Droegeheide"]
[BlackTeam "Schwerin SF III"]
[WhiteTeamCountry "GER"]
[BlackTeamCountry "GER"]

1. e4 d5 2. exd5 Nf6 3. d4 Nxd5 4. c4 Nb6 5. h3 e5 6. d5 Bc5 7. Qd2 a5 8. Nc3 0-0 9. Qc2 c6 10. Be3 Bxe3 11. fxe3 Nxc4 12. Bxc4 Qh4+ 13. g3 Qxc4 14. 0-0-0 cxd5 15. Rxd5 Nc6 16. a3 Be6 17. Rd2 b5 18. Nf3 h6 19. Rd6 Qc5 20. Rd3 Rac8 21. Rh2 b4 22. Nd5 Qxc2+ 23. Rxc2 e4 0-1

[Event "Mecklenburg VP-ch U18"]
[White "Schulz, Daniel"]
[Black "Troemer, Felix"]
[Site "Malchow"]
[Round "6.1"]
[Result "1-0"]
[Date "2018.02.07"]
[WhiteElo "1819"]
[BlackElo "1662"]
[PlyCount "61"]
[EventDate "2018.02.07"]
[EventType "tourn"]
[EventRounds "7"]
[EventCountry "GER"]
[SourceTitle "EXT 2022"]
[Source "ChessBase"]
[SourceDate "2021.10.06"]
[SourceVersion "1"]
[SourceVersionDate "2021.10.06"]
[SourceQuality "1"]

1. e4 c5 2. c3 d5 3. exd5 Qxd5 4. d4 Nc6 5. Nf3 Bg4 6. Be2 cxd4 7. cxd4 e6 8. Nc3 Qa5 9. 0-0 Nf6 10. Qb3 Qb5 11. Be3 Be7 12. Qc2 0-0 13. a3 Qa5 14. b4 Qd8 15. Rfd1 Bf5 16. Qb2 Nd5 17. Nxd5 Qxd5 18. Rac1 b5 19. Nd2 Rac8 20. Bf3 Qd7 21. Ne4 Bxe4 22. Bxe4 Bf6 23. Rc5 Rfd8 24. Qb1 h6 25. d5 Ne7 26. d6 a6 27. Bh7+ Kh8 28. Bc2 Nd5 29. Rdxd5 Rxc5 30. Rxc5 Qxd6 31. g3 1-0

[Event "Mecklenburg VP VL 1718"]
[White "Troemer, Felix"]
[Black "Lueth, Jochen"]
[Site "Mecklenburg VP"]
[Round "3.7"]
[Result "1/2-1/2"]
[Date "2017.11.26"]
[WhiteElo "1553"]
[BlackElo "1599"]
[PlyCount "85"]
[EventDate "2017.10.08"]
[EventType "team-tourn"]
[EventRounds "9"]
[EventCountry "GER"]
[SourceTitle "EXT 2022"]
[Source "ChessBase"]
[SourceDate "2021.10.06"]
[SourceVersion "1"]
[SourceVersionDate "2021.10.06"]
[SourceQuality "1"]
[WhiteTeam "Torgelow Droegeheide"]
[BlackTeam "Rostock HSG Uni"]
[WhiteTeamCountry "GER"]
[BlackTeamCountry "GER"]

1. e4 d5 2. exd5 Qxd5 3. Nc3 Qa5 4. d4 c6 5. Bd2 Bf5 6. Nf3 e6 7. Bc4 Nf6 8. 0-0 Be7 9. Nd5 Qd8 10. Nxe7 Qxe7 11. a3 Nd5 12. Re1 Nd7 13. Bxd5 cxd5 14. Bb4 Qd8 15. Ne5 Bg6 16. Qe2 a5 17. Bd6 Ra6 18. Nxd7 Rxd6 19. Ne5 0-0 20. c3 b6 21. Qd2 Qf6 22. Re3 Qf5 23. Nxg6 Qxg6 24. Rg3 Qf6 25. Re1 Re8 26. Re5 g6 27. Rf3 Qg7 28. Qf4 Rf8 29. Ree3 Rd7 30. h4 h5 31. g4 hxg4 32. Qxg4 Qh6 33. Rg3 Kh7 34. Re5 f5 35. Qh3 Rf6 36. Rg5 Kh8 37. Kg2 Rh7 38. Kg3 Kg7 39. f4 Kf7 40. Re2 Qf8 41. Qf1 Qd6 42. Rf2 Qc7 43. Qd3 1/2-1/2

[Event "Mecklenburg VP LL 1617"]
[White "Troemer, Felix"]
[Black "Barth, Richard"]
[Site "Mecklenburg VP"]
[Round "4.8"]
[Result "1-0"]
[Date "2017.01.07"]
[WhiteElo "1632"]
[BlackElo "1345"]
[PlyCount "109"]
[EventDate "2016.10.16"]
[EventType "team-tourn"]
[EventRounds "9"]
[EventCountry "GER"]
[SourceTitle "EXT 2022"]
[Source "ChessBase"]
[SourceDate "2021.10.06"]
[SourceVersion "1"]
[SourceVersionDate "2021.10.06"]
[SourceQuality "1"]
[WhiteTeam "Torgelow Droegeheide"]
[BlackTeam "Grevesmuehlen Blau Weiss"]
[WhiteTeamCountry "GER"]
[BlackTeamCountry "GER"]

1. e4 c5 2. Nf3 a6 3. c3 e6 4. d4 d5 5. exd5 exd5 6. Be2 Bd6 7. Be3 Qc7 8. dxc5 Bxc5 9. Qxd5 Bxe3 10. Qe4+ Qe7 11. Qxe3 Qxe3 12. fxe3 Nf6 13. Nbd2 b5 14. h3 Ra7 15. Kf2 Re7 16. Rhe1 Ne4+ 17. Nxe4 Rxe4 18. Bd3 Re7 19. a4 bxa4 20. Rxa4 0-0 21. Re2 Bb7 22. Ra3 Bxf3 23. gxf3 Re6 24. b4 Rd8 25. Be4 g6 26. c4 Rb6 27. Ra4 Rf6 28. Bd5 Nd7 29. Rea2 Nb8 30. e4 g5 31. c5 Rh6 32. Kg3 Kg7 33. Bb7 Rd4 34. Bxa6 Nxa6 35. Rxa6 Rxb4 36. Rxh6 Kxh6 37. Rc2 Rb8 38. c6 Rc8 39. c7 Kg6 40. Rc5 h5 41. h4 f6 42. hxg5 fxg5 43. f4 h4+ 44. Kg4 gxf4 45. Kxh4 f3 46. Kg3 f2 47. Kxf2 Kf6 48. Kf3 Ke6 49. Ke3 Kd6 50. Kd4 Rxc7 51. Rxc7 Kxc7 52. Ke5 Kd7 53. Kf6 Ke8 54. Ke6 Kd8 55. Kf7 1-0

[Event "Mecklenburg VP U16"]
[White "Schumacher, Ole"]
[Black "Troemer, Felix"]
[Site "Malchow"]
[Round "4.4"]
[Result "1/2-1/2"]
[Date "2016.02.02"]
[WhiteElo "1666"]
[BlackElo "1609"]
[PlyCount "173"]
[EventDate "2016.02.02"]
[EventType "swiss"]
[EventRounds "7"]
[EventCountry "GER"]
[SourceTitle "EXT 2024"]
[Source "ChessBase"]
[SourceDate "2023.10.10"]
[SourceVersion "1"]
[SourceVersionDate "2023.10.10"]
[SourceQuality "1"]

1. d4 Nf6 2. c4 g6 3. Nc3 Bg7 4. e4 d6 5. Nf3 0-0 6. h3 Nbd7 7. Be3 c5 8. d5 Nb6 9. Qd2 Re8 10. g4 e5 11. Be2 a6 12. Nh2 Rb8 13. h4 Na8 14. h5 Nc7 15. hxg6 fxg6 16. g5 Nd7 17. a4 Nf8 18. Ng4 Bxg4 19. Bxg4 b5 20. axb5 axb5 21. b3 bxc4 22. bxc4 Rb4 23. Be2 Qb8 24. Kf1 Nd7 25. Kg2 Rb2 26. Qc1 Qb3 27. Rb1 Rb8 28. Rxb2 Qxb2 29. Qxb2 Rxb2 30. Rb1 Rxb1 31. Nxb1 Na6 32. Na3 Nb6 33. Bd2 Bf8 34. Ba5 Nd7 35. Bg4 Ndb8 36. Be6+ Kg7 37. Bd8 h6 38. gxh6+ Kxh6 39. Kg3 Nb4 40. Kg4 N8a6 41. Bg5+ Kg7 42. f4 exf4 43. Bxf4 Nd3 44. Bg3 Nc7 45. Bd7 Ne5+ 46. Bxe5+ dxe5 47. Nc2 Na6 48. Ne3 Nb4 49. Kf3 Nd3 50. Ng4 Bd6 51. Ke3 Nb2 52. Bb5 g5 53. Kf3 Nd3 54. Ne3 Kg6 55. Be8+ Kf6 56. Ng4+ Ke7 57. Bb5 Kf7 58. Ne3 Kg6 59. Be8+ Kf6 60. Nd1 Ke7 61. Bb5 Nf4 62. Ne3 Kf6 63. Nf5 Bf8 64. Kg4 Kg6 65. Be8+ Kf6 66. Ng3 Bd6 67. Nf5 Bf8 68. Bc6 Kg6 69. d6 Ne6 70. Ne7+ Kf6 71. Nd5+ Kf7 72. d7 Be7 73. Bb5 Nd4 74. Ba4 Bd8 75. Kh5 Ke6 76. Nc3 Kd6 77. Nd5 Nc6 78. Ne3 Kxd7 79. Ng4 Kd6 80. Bxc6 Kxc6 81. Nxe5+ Kb6 82. Nf3 Ka5 83. Nxg5 Kb4 84. Nf7 Kxc4 85. Nxd8 Kd4 86. Ne6+ Kxe4 87. Nxc5+ 1/2-1/2

[Event "Mecklenburg VP U16"]
[White "Troemer, Felix"]
[Black "Bollnow, Alex"]
[Site "Malchow"]
[Round "3.7"]
[Result "1-0"]
[Date "2016.02.02"]
[WhiteElo "1609"]
[BlackElo "1347"]
[PlyCount "75"]
[EventDate "2016.02.02"]
[EventType "swiss"]
[EventRounds "7"]
[EventCountry "GER"]
[SourceTitle "EXT 2024"]
[Source "ChessBase"]
[SourceDate "2023.10.10"]
[SourceVersion "1"]
[SourceVersionDate "2023.10.10"]
[SourceQuality "1"]

1. e4 c5 2. Nf3 Nc6 3. d3 g6 4. g3 Bg7 5. Bg2 Nf6 6. 0-0 d5 7. Nc3 0-0 8. Bf4 a6 9. Nd2 e6 10. Re1 Nh5 11. exd5 Nxf4 12. dxc6 Nxg2 13. Kxg2 Bxc3 14. bxc3 Qd5+ 15. Qf3 bxc6 16. Ne4 f6 17. Kg1 Kg7 18. a3 e5 19. Nd2 Be6 20. c4 Qd7 21. Ne4 Qe7 22. Qe3 Rfd8 23. Rab1 Bf7 24. Nxc5 Rd4 25. c3 Rdd8 26. Rb7 Qd6 27. d4 Re8 28. Ne4 Qe6 29. c5 Re7 30. Rxe7 Qxe7 31. dxe5 Qxe5 32. f4 Qd5 33. Nd6 Qb3 34. Qe7 Rf8 35. Ne4 f5 36. Qe5+ Kh6 37. Nf6 Qb8 38. Qe7 1-0

[Event "Mecklenburg VP LL2 Ost 1415"]
[White "Troemer, Felix"]
[Black "Zibell, Walter"]
[Site "Mecklenburg VP"]
[Round "6.8"]
[Result "0-1"]
[Date "2015.02.22"]
[WhiteElo "1461"]
[BlackElo "1811"]
[PlyCount "52"]
[EventDate "2014.09.21"]
[EventType "team-tourn"]
[EventRounds "9"]
[EventCountry "GER"]
[SourceTitle "EXT 2022"]
[Source "ChessBase"]
[SourceDate "2021.10.06"]
[SourceVersion "1"]
[SourceVersionDate "2021.10.06"]
[SourceQuality "1"]
[WhiteTeam "Torgelow Droegeheide II"]
[BlackTeam "Neubrandenburg SG Eintracht"]
[WhiteTeamCountry "GER"]
[BlackTeamCountry "GER"]

1. e4 c5 2. Nf3 d6 3. d4 cxd4 4. Nxd4 Nf6 5. Nc3 a6 6. a4 e5 7. Nb3 Be6 8. Bg5 Nbd7 9. Be2 Be7 10. 0-0 0-0 11. Be3 Rc8 12. f3 Nb6 13. Nd2 d5 14. exd5 Nbxd5 15. Nxd5 Nxd5 16. Bf2 Qc7 17. c3 Rfd8 18. a5 Bg5 19. Qe1 Ne3 20. Ne4 Bh6 21. Bxa6 Nxf1 22. Bb6 Be3+ 23. Qxe3 Nxe3 24. Bxc7 Rxc7 25. Bxb7 Rxb7 26. b4 Bc4 0-1